000 00903nam a2200361 4500
001 0210669
003 DO-SdBNP
005 20180202141116.0
007 0210669
008 881114s1985 sp a 0000 spa
016 7 _a
_z
_2BPMSU
017 _a
_b
020 _a843051432
035 _a
040 _aBPMSU
_bspa
_cBPMSU
_e
080 _a
080 _a
080 _a
100 1 _aScott, Walter
245 1 0 _aRicardo Corazón de León /
_h
_cJoseph Lacier : ilustracion Fernando Saez
250 _a
260 _aBarcelona :
_bSusaeta,
_c1985
300 _a 101 p.:
_b il. ;
_c27 cm
490 0 _aSaeta
_v
700 1 _a Saez, Fernando
_d
_eil.
700 1 _a
_d
740 0 0 _aA través del desierto.
740 0 3 _aEl Robinson suizo.
830 _aSaeta
942 _2ddc
_cBK
945 _aInventariado, 2018/ YL
956 _aVMATEO
_210
_320160469
_6BPMSU
_80069
999 _c9827
_d9827